000 01154nam a22002177a 4500
003 OSt
005 20240528155347.0
008 240528b ||||| |||| 00| 0 spa d
020 _a9789800123133
040 _cCO-Mq BPB
041 _aspa
082 _aJN
_bANTd
100 _aAntillano, Laura
_eautor
245 _aDiana en la tierra wayuu
264 _aCaracas - Venezuela
_bMonte Ávila Editores Latinoamericana
_c2022
300 _a108 páginas
_bTapa rustica
_c22 cm
521 _aDiana ha comenzado un nuevo curso escolar. Inseparable de su gato Tadeo, adora las historias que le cuenta su abuelo Javier, sobre todo las hazañas de los piratas que asolaron a la ciudad de Maracaibo. Aunque la incrédula maestra —la Srta. Riñones— intentará persuadirla de que las historias del abuelo son solo fantasías infundadas, nuestra protagonista no descansará hasta demostrarle que Henry Morgan escondió un gran tesoro en esas tierras. En compañía de su amigo Juyá, Diana viajará a la tierra de los wayuu, en donde vivirá la más increíble de todas las aventuras.
650 _aNarrativa
650 _aLiteratura
942 _2ddc
_cBKLIT
999 _c15528
_d15528